000 00793nam a2200241 i 4500
001 55684
003 ES-MaACL
005 20230906163209.0
007 t|
008 030925s1961 sp ||||1| spa d
080 _a821.133.1-84"19"
100 1 _aDetoeuf, Auguste.
_943965
245 1 0 _aOpiniones de O.-L. Barenton /
_cAuguste Detoeuf ; prefacio de Pierre Brisson ; traducida por Jaime Vicens Carrió.
260 _aBarcelona :
_bFrancisco Casanovas,
_c1961.
300 _a212 p., 1 lám. :
_bretr. autor ;
_c24 cm.
490 1 _aFrancisco Casanovas ;
_v65
700 1 _aBrisson, Pierre.
_931795
700 1 _aVicens Carrió, Jaime.
_9114317
830 1 _aFrancisco Casanovas ;
_v65
_9230347
852 _aES-MaACL
_jC-18224
852 _aES-MaACL
_jE-5858
999 _c55684
_d55684